<?xml version="1.0" encoding="UTF-8"?><?xml-stylesheet type="text/xsl" href="static/style.xsl"?><OAI-PMH xmlns="http://www.openarchives.org/OAI/2.0/" xmlns:xsi="http://www.w3.org/2001/XMLSchema-instance" xsi:schemaLocation="http://www.openarchives.org/OAI/2.0/ http://www.openarchives.org/OAI/2.0/OAI-PMH.xsd"><responseDate>2026-04-14T06:06:38Z</responseDate><request verb="GetRecord" identifier="oai:www.recercat.cat:2117/13296" metadataPrefix="marc">https://recercat.cat/oai/request</request><GetRecord><record><header><identifier>oai:recercat.cat:2117/13296</identifier><datestamp>2026-01-21T06:31:08Z</datestamp><setSpec>com_2072_1033</setSpec><setSpec>col_2072_452950</setSpec></header><metadata><record xmlns="http://www.loc.gov/MARC21/slim" xmlns:dcterms="http://purl.org/dc/terms/" xmlns:xsi="http://www.w3.org/2001/XMLSchema-instance" xmlns:doc="http://www.lyncode.com/xoai" xsi:schemaLocation="http://www.loc.gov/MARC21/slim http://www.loc.gov/standards/marcxml/schema/MARC21slim.xsd">
   <leader>00925njm 22002777a 4500</leader>
   <datafield ind2=" " ind1=" " tag="042">
      <subfield code="a">dc</subfield>
   </datafield>
   <datafield ind2=" " ind1=" " tag="720">
      <subfield code="a">Baronchelli, Andrea</subfield>
      <subfield code="e">author</subfield>
   </datafield>
   <datafield ind2=" " ind1=" " tag="260">
      <subfield code="c">2011</subfield>
   </datafield>
   <datafield ind2=" " ind1=" " tag="520">
      <subfield code="a">The naming game (NG) describes the agreement dynamics of a population of agents that interact locally in a pairwise fashion, and in recent years statistical physics tools and techniques have greatly contributed to&#xd;
shed light on its rich phenomenology. Here we investigate in details the role played by the way in which the two agents update their states after an interaction. We show that slightly modifying the NG rules in terms of&#xd;
which agent performs the update in given circumstances (i.e., after a success) can either alter dramatically the overall dynamics or leave it qualitatively unchanged. We understand analytically the first case by casting the model in the broader framework of a generalized NG. As for the second case, on the other hand, we note that the modified rule reproducing the main features of the usual NG corresponds in fact to a simplification of it consisting in the elimination of feedback between the agents. This allows us to introduce and study a very natural broadcasting scheme on networks that can be potentially relevant for different applications, such as the design and implementation of autonomous sensor networks, as pointed out in the recent literature.</subfield>
   </datafield>
   <datafield ind2=" " ind1=" " tag="520">
      <subfield code="a">Peer Reviewed</subfield>
   </datafield>
   <datafield ind2=" " ind1=" " tag="520">
      <subfield code="a">Postprint (published version)</subfield>
   </datafield>
   <datafield tag="653" ind2=" " ind1=" ">
      <subfield code="a">Àrees temàtiques de la UPC::Informàtica::Aplicacions de la informàtica::Aplicacions informàtiques a la física i l‘enginyeria</subfield>
   </datafield>
   <datafield tag="653" ind2=" " ind1=" ">
      <subfield code="a">Naming game</subfield>
   </datafield>
   <datafield tag="653" ind2=" " ind1=" ">
      <subfield code="a">NG</subfield>
   </datafield>
   <datafield ind2="0" ind1="0" tag="245">
      <subfield code="a">Role of feedback and broadcasting in the naming game</subfield>
   </datafield>
</record></metadata></record></GetRecord></OAI-PMH>